| 000 -ლიდერი |
| ფიქსირებული სიგრძის საკონტროლო ველი |
01604nam a2200265Ia 4500 |
| 001 - საკონტროლო ნომერი |
| საკონტროლო ველი |
20021 |
| 003 - საკონტროლო ნომრის იდენტიფიკატორი |
| საკონტროლო ველი |
GE_BSU |
| 005 - ბოლო ოპერაციის თარიღი და დრო |
| საკონტროლო ველი |
20200602181838.0 |
| 008 - ფიქსირებული სიგრძის მონაცემთა ელემენტები - ზოგადი ინფორმაცია |
| ფიქსირებული სიგრძის საკონტროლო ველი |
181216s1968||||ge |||||||||||||| ||geo|| |
| 040 ## - კატალოგიზაციის წყარო |
| Transcribing agency |
GE_BSU |
| 041 ## - ენის კოდი |
| Language code of text/sound track or separate title |
geo |
| 080 ## - უნივერსალური ათობითი კლასიფიკაციის ინდექსი |
| Universal Decimal Classification number |
811.353.1'367 ჩ-69 |
| 100 ## - მთავარი ჩანაწერი - პიროვნების სახელი |
| Personal name |
ჩიქობავა, არნოლდ |
| 9 (RLIN) |
1234 |
| 245 ## - ცნობა სათაურის შესახებ |
| Title |
მარტივი წინადადების პრობლემა ქართულში = Проблема простого предложения в грузинском языке = Problème de la proposition simple en Georgien : ტომი 1: ქვემდებარე–დამატების საკითხი ძველს ქართულში : |
| Remainder of title |
მასალები მეთოდოლოგიური იმანენტიზმისათვის / |
| Statement of responsibility, etc |
არნოლდ ჩიქობავა. |
| 250 ## - გამოცემის ცნობა |
| Edition statement |
მე-2 გამოცემა |
| 264 ## - წარმოების, გამოცემის, დისტრიბუციის და სხვა ცნობები |
| გამოცემის, წარმოების, დისტრიბუციის... ადგილი |
თბილისი : |
| გამოცემის, წარმოების, დისტრიბუციის... სახელწოდება |
მეცნიერება, |
| გამოცემის, წარმოების, დისტრიბუციის... თარიღი |
1968. |
| 300 ## - ფიზიკური აღწერა |
| Extent |
020, 295 გვ. ; |
| Dimensions |
26 სმ. |
| 520 ## - SUMMARY, ETC. |
| Summary, etc |
რეზიუმე რუსულ და ფრანგულ ენებზე |
| 653 ## - INDEX TERM--UNCONTROLLED |
| Uncontrolled term |
მარტივი წინადადება ქართულ ენაში |
| 653 ## - INDEX TERM--UNCONTROLLED |
| Uncontrolled term |
ქართული ენა |
| 710 ## - ADDED ENTRY--CORPORATE NAME |
| Corporate name or jurisdiction name as entry element |
საქართელოს სსრ მეცნიერებათა აკადემია |
| 9 (RLIN) |
8277 |
| 710 ## - ADDED ENTRY--CORPORATE NAME |
| Corporate name or jurisdiction name as entry element |
ენათმეცნიერების ინსტიტუტი |
| 9 (RLIN) |
8278 |
| 942 ## - ADDED ENTRY ELEMENTS (KOHA) |
| Koha item type |
წიგნი |
| Source of classification or shelving scheme |
|